000 00413nam a22001697a 4500
005 20160528120909.0
008 160528b xxu||||| |||| 00| 0 eng d
020 _a81-259-1080-8
041 _aeng
082 _b5791
100 _aBijoor, Harish
_91449
245 _aMarketing Trands
260 _aNew Delhi
_bVikas Publishing House (P) Ltd.
_c2003
300 _a193
650 _aManagement
_9241
942 _cBK
999 _c2051
_d2050